L'aspect moderne des mathématiques

Enregistré dans:
Détails bibliographiques
Auteur principal: Félix, Lucienne (Auteur)
Format: Livre
Langue:français
Publié: París Librairie Scientifique Albert Blanchard 1957
Sujets:
Tags: Ajouter un tag
Pas de tags, Soyez le premier à ajouter un tag!

MARC

LEADER 00000nam a2200000 a 4500
001 UCQ8717
003 CL-VaPUC
008 981217e19570000FR |||||||||||||||||fre|d
082 0 4 |a 511.3  |b FEL  |2 21 
100 0 |a Félix, Lucienne  |e author  |9 422852 
245 1 2 |a L'aspect moderne des mathématiques 
300 |a 168 p 
942 |c BK 
945 |d 19981217 00:00:00  |a cmena 
260 |a París  |b Librairie Scientifique Albert Blanchard  |c 1957 
650 0 |a Lógica matemática   |9 262442 
650 0 |a Filosofía de las ciencias  |9 256466 
650 0 |a Metamatemáticas  |9 268160 
650 7 |a TEOREMAS  |2 CL-VaPUC  |9 350068 
583 |a last modification  |c 19981217 00:00:00  |k Rodrigo Vera 
999 |c 277901  |d 277899 
952 |0 0  |1 0  |4 0  |6 511_300000000000000_FEL_1957  |7 0  |8 A  |9 316166  |a BIBMAT  |b BIBMAT  |d 2019-11-20  |i 1307975  |o 511.3 FEL 1957  |p 1307975  |r 2025-01-07  |w 2019-11-20  |y BK  |k MAT 
952 |0 0  |1 0  |4 0  |6 511_300000000000000_FEL_1957  |7 0  |8 A  |9 316167  |a BIBMAT  |b BIBMAT  |d 2019-11-20  |i 4544307  |o 511.3 FEL 1957  |p 4544307  |r 2025-01-07  |w 2019-11-20  |y BK  |k MAT